00502nam a2200133Ia 45000010005000000080041000050820028000461000086000742450134001602600024002945900007003189010028003259990015003534073241024s9999 xx 000 0 und d aRD/378.97293/R426s/2014 aRepública Dominicana. Ministerio de Educación Virnvis y Tecnología (MESCyT) 0aSeminario internacional Gobernanza Universitaria / Ministerio de Educación Ciencia y Tecnología )MESCyT / Embajada de Francia bSanto Domingoc2013 asi a11/3/2016 12:57:17 p.m. c8337d8337